000 01137cam a2200133 4500500
005 20260329023303.0
041 _afre
042 _adc
100 1 0 _aRyngaert, Jean-Pierre
_eauthor
245 0 0 _aJouer, représenter : Pratiques dramatiques et formation
260 _bArmand Colin,
_c2010.
520 _aCe livre traite du jeu théâtral sur scène et dans le cadre pédagogique. Il interroge la capacité de jeu, la relation au partenaire, l’écoute ; il décrit et analyse les pratiques d’atelier comme l’improvisation. Il permet de réfléchir aux modalités d’une « théâtralité discrète » qui fasse le lien entre les phénomènes sensibles et leur expression artistique. Loin des listes d’astuces et de ficelles de la représentation, c’est une réflexion sur l’expression de l’intériorité, de la sensibilité du sujet via les formes codées du théâtre. L’auteur propose une approche à la fois théorique et pratique : de nombreuses mises en situation viennent éclairer le propos.
856 4 1 _uhttps://shs.cairn.info/jouer-representer--9782200247997?lang=fr&redirect-ssocas=7080
999 _c1926066
_d1926066